| 000 | 01049nam0a22002531 4500 | ||
|---|---|---|---|
| 001 | rc\4621300 | ||
| 005 | 20260408093916.0 | ||
| 021 |
_aRU _bРг8430-63 |
||
| 035 | _a(NLR Aleph) 008399703 | ||
| 090 |
_a9228632 _c9228632 |
||
| 100 | _a20130416d1963 |||y0rusy50 ca | ||
| 101 | 0 | _arus | |
| 102 | _aRU | ||
| 105 | _ay b ||||| | ||
| 200 | 1 |
_aКаталог _fЛОСПС. Выборгский дворец культуры. Ленингр. фотоклуб. Первый Всесоюз. конкурс фотоклубов 1963 г. Наша современность. Фотовыставка лучших фотографий конкурса. Ленинград. Май-июнь 1963 г. |
|
| 210 |
_aЛенинград _cБ. и. _d1963 |
||
| 215 |
_a15 с. _d18 |
||
| 710 | 1 | 2 |
_a"Наша современность", фотовыставка _eЛенинград _f1963 _9354141 _3RU\NLR\AUTH\8810234453 |
| 801 | 0 |
_aRU _bNLR _gpsbo |
|
| 801 | 1 |
_aRU _bELAR _2rusmarc |
|
| 852 |
_aNLR _bЭ _jКЛ452/1963 |
||
| 942 | _cBOOK | ||
| 980 | _aNB | ||